1384 1661 1737 1014 1335 1212 1896 1878 1421 1389 1316 1102 1652 1212 1676 1038 1081 1653 1321 1383 1361 1508 1140 1932 1758 1345 1100 1729 1162 1932 1697 1899 1669 1597 1217 1647 1574 1837 1540 1275 1088 1371 1066 1942 1041 1068 1843 1517 1518 1502 1092 1315 1304 1380 1919 1141 1275 1197 1612 1572 1011 1391 1607 1366 1021 1860 1017 1781 1325 1165 1817 1252 1819 1434 1587 1084 1646 1452 1384 1376 1687 1520 1411 1024 1462 1981 1496 1370 1681 1745 1811 1867 1305 1709 1136 1095 1321 1527 1916 BCNSPRNW ULIB Ver.6.0+V

เปลี่ยนเป็นภาษาไทย

Change to English
 แสดงรายละเอียดบรรณานุกรม
  กลับหน้าหลัก

Brief Record : Get Marc (ISO 2709) : E-mail record : QR code < ปิดหน้าต่าง
LEADER : 00000nam 2200000uu 4500
001    13399126393
003     ULIB
008    020711s2561 th a 000 0 tha d
020    ^a9786167890593
060    ^aWS105^bน569ส
100    ^aนิดา ลิ้มสุวรรณ
245    ^aสมาธิสั้น...แต่ฉัน OK
250    ^aพิมพ์ครั้งที่ 1
260    ^aกรุงเทพฯ :^bพราว,^c2561
300    ^a119 หน้า;^b15 ซม.
650    ^aสมาธิสั้น
945    ^p129^l0^i004617
999    ^aประนอม เกษจรัล
รายการนี้ยังไม่มีแท็ก
คุณยังไม่ได้ล็อกอิน คุณสามารถมีกิจกรรมร่วมกับเว็บไซต์ได้ แต่ต้องล็อกอินก่อน ::
  ล็อกอิน

รายการสื่อสารสนเทศ

ลำดับที่ ประเภท เลขเรียก/บาร์โค้ด สถานที่ สถานะ
1. วิทยาศาสตร์การแพทย์ และสุขภาพ
หนังสือสำรอง
สถานะ=หนังสือสำรอง
WS105 น569ส ฉ.1 
  Barcode: 004617
ห้องสมุดวิทยาเขตสวรรค์ประชารักษ์
►หนังสือทั่วไป
บนชั้น

รายการใกล้เคียง
    ชื่อเรื่อง [สมาธิสั้น...แต่ฉัน OK]

    ผู้แต่ง [นิดา ลิ้มสุวรรณ]

    หัวเรื่อง [สมาธิสั้น]

BibComment


ยังไม่เคยถูกคอมเมนท์

คอมเมนท์ทรัพยากรรายการนี้
  คอมเมนท์: สมาธิสั้นแต่ฉัน OK


 Copyright 2026. Bcnsprnw @Library